[Event "Santo Antonio de Jesus Bahia op"]
[White "Labollita, Martin"]
[Black "Freitas, Romulo Aguiar"]
[Site "Santo Antonio"]
[Round "6"]
[Result "1-0"]
[Date "2022.07.10"]
[WhiteElo "2373"]
[BlackElo "2014"]
[PlyCount "50"]
[EventDate "2022.07.07"]
[EventType "swiss"]
[EventRounds "6"]
[EventCountry "BRA"]
[SourceTitle "CBM 209 Extra"]
[Source "ChessBase"]
[SourceDate "2022.09.30"]
[SourceVersion "1"]
[SourceVersionDate "2022.09.30"]
[SourceQuality "1"]

1. d4 d5 2. Bf4 e6 3. e3 Nf6 4. Nd2 Bd6 5. Bg3 0-0 6. Bd3 c5 7. c3 Nc6 8. Ngf3 cxd4 9. exd4 Qc7 10. 0-0 Bxg3 11. hxg3 e5 12. dxe5 Nxe5 13. Nxe5 Qxe5 14. Re1 Qd6 15. Qa4 Re8 16. Nf3 Bd7 17. Qd4 b6 18. a4 Qc5 19. Qf4 Rac8 20. Nd4 Rxe1+ 21. Rxe1 Re8 22. Rxe8+ Nxe8 23. Bb5 Bxb5 24. axb5 Qd6 25. Nf5 Qd7 1-0

[Event "Santo Antonio de Jesus Bahia op"]
[White "Freitas, Romulo Aguiar"]
[Black "Hoffman, Alejandro"]
[Site "Santo Antonio"]
[Round "3"]
[Result "0-1"]
[Date "2022.07.08"]
[WhiteElo "2014"]
[BlackElo "2390"]
[PlyCount "54"]
[EventDate "2022.07.07"]
[EventType "swiss"]
[EventRounds "6"]
[EventCountry "BRA"]
[SourceTitle "CBM 209 Extra"]
[Source "ChessBase"]
[SourceDate "2022.09.30"]
[SourceVersion "1"]
[SourceVersionDate "2022.09.30"]
[SourceQuality "1"]

1. d4 d6 2. c4 e5 3. e3 Nf6 4. Nc3 Nbd7 5. Nf3 g6 6. Be2 Bg7 7. 0-0 0-0 8. b3 Re8 9. Bb2 e4 10. Nd2 Nf8 11. Qc2 Bf5 12. b4 h5 13. Nb3 N8h7 14. d5 Ng4 15. Bxg4 hxg4 16. Ne2 Qh4 17. g3 Qh6 18. Kh1 Ng5 19. Rg1 Nf3 20. Rg2 Be5 21. Nbd4 Bd7 22. Ng1 Kg7 23. Qxe4 Bxd4 24. Bxd4+ f6 25. Qf4 g5 26. Bxf6+ Qxf6 27. Qxf6+ Kxf6 0-1

[Event "Vitoria da Conquista Coex op"]
[White "Lenares, Braulio Cardoso"]
[Black "Freitas, Romulo Aguiar"]
[Site "Vitoria da Conquista"]
[Round "2"]
[Result "0-1"]
[Date "2019.09.21"]
[WhiteElo "1925"]
[BlackElo "2080"]
[PlyCount "72"]
[EventDate "2019.09.20"]
[EventType "swiss"]
[EventRounds "5"]
[EventCountry "BRA"]
[SourceTitle "CBM 192 Extra"]
[Source "Chessbase"]
[SourceDate "2019.11.06"]
[SourceVersion "1"]
[SourceVersionDate "2019.11.06"]
[SourceQuality "1"]

1. Nf3 d5 2. c4 c6 3. cxd5 cxd5 4. g3 Nf6 5. Bg2 Nc6 6. 0-0 e5 7. d3 Bd6 8. Nc3 0-0 9. Bg5 Be6 10. Nd2 Be7 11. a3 h6 12. Bxf6 Bxf6 13. e3 Be7 14. b4 a6 15. Nb3 f5 16. Nc5 Bxc5 17. bxc5 d4 18. Na4 Qa5 19. Bxc6 bxc6 20. exd4 Rab8 21. Nb6 exd4 22. Qe1 Qxe1 23. Rfxe1 Rfe8 24. Re5 Bb3 25. Rae1 Rxe5 26. Rxe5 Bc2 27. Re6 Bxd3 28. Rd6 Re8 29. Rxd4 Re1+ 30. Kg2 Be4+ 31. Kh3 Bf3 32. Rd3 g5 33. Re3 Rg1 34. Rxf3 g4+ 35. Kh4 gxf3 36. Nd7 Rg2 0-1

[Event "Vitoria da Conquista IRT 6th"]
[White "Paes, Marcelo Teofilo Bar"]
[Black "Freitas, Romulo Aguiar"]
[Site "Vitoria da Conquista"]
[Round "19"]
[Result "0-1"]
[Date "2016.10.13"]
[WhiteElo "2463"]
[BlackElo "2131"]
[PlyCount "142"]
[EventDate "2016.09.29"]
[EventType "tourn"]
[EventRounds "26"]
[EventCountry "BRA"]
[SourceTitle "EXT 2022"]
[Source "ChessBase"]
[SourceDate "2021.10.06"]
[SourceVersion "1"]
[SourceVersionDate "2021.10.06"]
[SourceQuality "1"]

1. e4 c5 2. Nf3 Nc6 3. d4 cxd4 4. Nxd4 g6 5. c4 Bg7 6. Be3 Qb6 7. Nb5 Qa5+ 8. N1c3 a6 9. Nd4 Nf6 10. f3 0-0 11. Be2 d6 12. 0-0 Bd7 13. Rc1 Rac8 14. a3 Rfe8 15. Nd5 Nxd4 16. Bxd4 Nxd5 17. Bxg7 Kxg7 18. exd5 Qc5+ 19. Kh1 e5 20. b4 Qe3 21. Bd3 Ba4 22. Bc2 Bxc2 23. Qxc2 Qxa3 24. Qd2 Qb3 25. c5 dxc5 26. bxc5 Rcd8 27. Rfd1 Re7 28. Rc3 Qb4 29. Qc2 Rc7 30. c6 bxc6 31. Rxc6 Rxc6 32. dxc6 Rxd1+ 33. Qxd1 Qc5 34. Qe1 f6 35. f4 e4 36. h4 Qxc6 37. Kh2 Qe6 38. Qe3 h5 39. Qa7+ Kh6 40. Qe3 f5 41. Qd4 Kh7 42. Qa7+ Kg8 43. Qb8+ Kf7 44. Qc7+ Qe7 45. Qc4+ Kg7 46. Qxa6 Qxh4+ 47. Kg1 Qe7 48. Qa1+ Kh7 49. Qd4 e3 50. Kf1 e2+ 51. Ke1 Qe4 52. Qd7+ Kh6 53. Qd8 Qxf4 54. Qh8+ Kg5 55. Kxe2 Qe4+ 56. Kf2 Qc2+ 57. Kg3 f4+ 58. Kh2 Qd2 59. Qf8 Kg4 60. Qc8+ Kg5 61. Qf8 Qe3 62. Qd8+ Kf5 63. Qf8+ Ke4 64. Qe8+ Kd3 65. Qxg6+ Kd2 66. Qxh5 Qg3+ 67. Kg1 Ke1 68. Qe5+ Qe3+ 69. Qxe3+ fxe3 70. g3 e2 71. g4 Kd2 0-1

[Event "Vitoria da Conquista IRT 6th"]
[White "Barreto Junior, Williem Silva"]
[Black "Freitas, Romulo Aguiar"]
[Site "Vitoria da Conquista"]
[Round "16"]
[Result "1-0"]
[Date "2016.10.09"]
[WhiteElo "2149"]
[BlackElo "2131"]
[PlyCount "57"]
[EventDate "2016.09.29"]
[EventType "tourn"]
[EventRounds "26"]
[EventCountry "BRA"]
[SourceTitle "EXT 2022"]
[Source "ChessBase"]
[SourceDate "2021.10.06"]
[SourceVersion "1"]
[SourceVersionDate "2021.10.06"]
[SourceQuality "1"]

1. d4 Nf6 2. c4 c6 3. Nc3 d5 4. Nf3 e6 5. e3 Bb4 6. Bd2 Nbd7 7. a3 Bxc3 8. Bxc3 Ne4 9. Bd3 f5 10. Rc1 Ndf6 11. Qc2 a5 12. c5 b6 13. cxb6 Qxb6 14. Bd2 Bd7 15. Bxe4 Nxe4 16. Ne5 Rc8 17. b4 Nxd2 18. Qxd2 axb4 19. axb4 Rc7 20. 0-0 0-0 21. Rc5 Rb8 22. Rb1 Be8 23. Qc3 g6 24. b5 Kg7 25. Rc1 Rbc8 26. bxc6 Kf6 27. Nd7+ Bxd7 28. cxd7 Rxc5 29. dxc5+ 1-0

[Event "Vitoria da Conquista IRT 6th"]
[White "Santos, Maicon Moreira"]
[Black "Freitas, Romulo Aguiar"]
[Site "Vitoria da Conquista"]
[Round "2"]
[Result "0-1"]
[Date "2016.09.29"]
[WhiteElo "1665"]
[BlackElo "2131"]
[PlyCount "40"]
[EventDate "2016.09.29"]
[EventType "tourn"]
[EventRounds "26"]
[EventCountry "BRA"]
[SourceTitle "EXT 2022"]
[Source "ChessBase"]
[SourceDate "2021.10.06"]
[SourceVersion "1"]
[SourceVersionDate "2021.10.06"]
[SourceQuality "1"]

1. e4 Nf6 2. e5 Ng4 3. c4 Nxe5 4. Qe2 Nbc6 5. f4 d6 6. fxe5 Nxe5 7. Nc3 Bg4 8. Nf3 Nxf3+ 9. gxf3 Bf5 10. Kd1 e6 11. d4 Be7 12. Bh3 Bxh3 13. Qe4 Bf5 14. Rg1 Bxe4 15. Nxe4 Bf6 16. Bh6 gxh6 17. Kc2 Bxd4 18. Rad1 c5 19. Rge1 Qh4 20. f4 0-0-0 0-1

[Event "Tal Memorial"]
[White "Freitas, Romulo Aguiar"]
[Black "Lenares, Braulio Cardoso"]
[Site "Vitoria da Conquista"]
[Round "?"]
[Result "1-0"]
[Date "2015.07.14"]
[WhiteElo "2110"]
[BlackElo "1920"]
[PlyCount "75"]
[EventDate "2015.07.14"]
[EventType "tourn"]
[EventRounds "18"]
[EventCountry "BRA"]
[SourceTitle "EXT 2022"]
[Source "ChessBase"]
[SourceDate "2021.10.06"]
[SourceVersion "1"]
[SourceVersionDate "2021.10.06"]
[SourceQuality "1"]

1. e4 e6 2. d4 d5 3. Nc3 Nf6 4. e5 Nfd7 5. f4 c5 6. Nf3 Nc6 7. Be2 cxd4 8. Nb5 Qa5+ 9. Bd2 Qb6 10. a4 a6 11. a5 Qd8 12. Nbxd4 Be7 13. 0-0 Qc7 14. Bc3 b5 15. axb6 Qxb6 16. Kh1 0-0 17. Nxc6 Qxc6 18. Nd4 Qc7 19. Ba5 Qa7 20. Nc6 Qc5 21. Nxe7+ Qxe7 22. Qd4 Re8 23. Ra3 Bb7 24. Bb4 Qd8 25. Ba5 Qe7 26. Rfa1 f5 27. Bb4 Qd8 28. Bd6 Nb8 29. Rb3 Nc6 30. Qa4 Qd7 31. Rb6 h6 32. g4 g6 33. gxf5 gxf5 34. Qb3 Nd8 35. Rg1+ Kh8 36. Qg3 d4+ 37. Rxb7 Qxb7+ 38. Bf3 1-0

[Event "Tal Memorial"]
[White "Lenares, Braulio Cardoso"]
[Black "Freitas, Romulo Aguiar"]
[Site "Vitoria da Conquista"]
[Round "?"]
[Result "1/2-1/2"]
[Date "2015.07.14"]
[WhiteElo "1920"]
[BlackElo "2110"]
[PlyCount "30"]
[EventDate "2015.07.14"]
[EventType "tourn"]
[EventRounds "18"]
[EventCountry "BRA"]
[SourceTitle "EXT 2022"]
[Source "ChessBase"]
[SourceDate "2021.10.06"]
[SourceVersion "1"]
[SourceVersionDate "2021.10.06"]
[SourceQuality "1"]

1. e4 e6 2. d4 d5 3. Nc3 Nc6 4. Nf3 Nf6 5. Bd3 Bb4 6. exd5 exd5 7. Qe2+ Be6 8. a3 Bd6 9. 0-0 0-0 10. h3 Qd7 11. Bg5 Qe7 12. Nb5 h6 13. Nxd6 cxd6 14. Bh4 Rfe8 15. Qd2 Qd8 1/2-1/2

[Event "Vitoria Bernard Memorial 4th"]
[White "Barreto Junior, Williem Silva"]
[Black "Freitas, Romulo Aguiar"]
[Site "Vitoria"]
[Round "11"]
[Result "1/2-1/2"]
[Date "2015.04.17"]
[WhiteElo "1971"]
[BlackElo "2108"]
[PlyCount "44"]
[EventDate "2015.03.26"]
[EventType "tourn"]
[EventRounds "14"]
[EventCountry "BRA"]
[SourceTitle "EXT 2016"]
[Source "ChessBase"]
[SourceDate "2015.10.08"]
[SourceVersion "1"]
[SourceVersionDate "2015.10.08"]
[SourceQuality "1"]

1. Nf3 Nf6 2. g3 g6 3. Bg2 Bg7 4. d4 d6 5. 0-0 0-0 6. c4 Nbd7 7. Nc3 c6 8. e4 Qc7 9. Re1 e5 10. d5 a6 11. b3 cxd5 12. Nxd5 Nxd5 13. cxd5 b5 14. Be3 Nf6 15. Qd3 Bg4 16. Rac1 Qb7 17. Rc6 Qe7 18. Rec1 Bd7 19. Rc7 Rfc8 20. Rxc8+ Rxc8 21. Rxc8+ Bxc8 22. Qc2 Qb7 1/2-1/2

[Event "Vitoria Bernard Memorial 4th"]
[White "Paes, Marcelo Teofilo Bar"]
[Black "Freitas, Romulo Aguiar"]
[Site "Vitoria"]
[Round "7"]
[Result "0-1"]
[Date "2015.03.30"]
[WhiteElo "1764"]
[BlackElo "2108"]
[PlyCount "83"]
[EventDate "2015.03.26"]
[EventType "tourn"]
[EventRounds "14"]
[EventCountry "BRA"]
[SourceTitle "EXT 2016"]
[Source "ChessBase"]
[SourceDate "2015.10.08"]
[SourceVersion "1"]
[SourceVersionDate "2015.10.08"]
[SourceQuality "1"]

1. d4 Nf6 2. Nf3 b5 3. Bf4 Bb7 4. e3 a6 5. c4 bxc4 6. Bxc4 d5 7. Bd3 c5 8. dxc5 Qa5+ 9. Nc3 Nbd7 10. 0-0 Nxc5 11. Bc2 e6 12. Na4 Bc6 13. b4 Qxb4 14. Rb1 Qa5 15. Nb6 Rd8 16. Bc7 Rc8 17. Nxd5 Qa3 18. Nxf6+ gxf6 19. Rb8 Rxb8 20. Bxb8 Qxa2 21. Bc7 Be7 22. Bb6 Qd5 23. Bxc5 Bxc5 24. Ba4 Ke7 25. Bxc6 Qxc6 26. Nd4 Qd6 27. Qa4 Bxd4 28. Rd1 Rb8 29. exd4 Rb4 30. Qa2 Rxd4 31. Rxd4 Qxd4 32. Qxa6 Qd1+ 33. Qf1 Qxf1+ 34. Kxf1 Kd6 35. Ke2 Ke5 36. Ke3 h5 37. g3 f5 38. h4 f4+ 39. gxf4+ Kf5 40. Kf3 f6 41. Kg3 Ke4 42. f3+ 0-1

[Event "Vitoria da Conquista-ch 3rd"]
[White "Freitas, Romulo Aguiar"]
[Black "Barreto Junior, Williem Silva"]
[Site "Vitoria da Conquista"]
[Round "?"]
[Result "1/2-1/2"]
[Date "2015.02.14"]
[WhiteElo "2054"]
[BlackElo "1941"]
[PlyCount "90"]
[EventDate "2015.02.14"]
[EventType "tourn"]
[EventRounds "11"]
[EventCountry "BRA"]
[SourceTitle "CBM 165 Extra"]
[Source "ChessBase"]
[SourceDate "2015.04.21"]
[SourceVersion "1"]
[SourceVersionDate "2015.04.21"]
[SourceQuality "1"]

1. e4 e5 2. Nf3 Nc6 3. Bb5 a6 4. Ba4 Nf6 5. 0-0 b5 6. Bb3 Bc5 7. d3 Bb7 8. Be3 Qe7 9. Nbd2 0-0 10. a4 b4 11. Nc4 Rad8 12. Bxc5 Qxc5 13. Ne3 Na5 14. Re1 d6 15. Rc1 Qb6 16. Ba2 c5 17. g4 h6 18. Nh4 Bc8 19. Nhf5 Nc6 20. Bd5 Bxf5 21. gxf5 Rfe8 22. b3 Ne7 23. Qf3 Nfxd5 24. Nxd5 Nxd5 25. exd5 f6 26. h4 a5 27. Kh2 Qb7 28. Rg1 Kh7 29. Rg6 Qe7 30. Rcg1 Rd7 31. h5 e4 32. Rxg7+ Qxg7 33. Rxg7+ Rxg7 34. dxe4 Reg8 35. Qh3 Rg4 36. f3 Rg1 37. f4 R1g4 38. e5 fxe5 39. fxe5 Rd4 40. exd6 Rd2+ 41. Kh1 Rd1+ 42. Kh2 Rd4 43. f6 Rd2+ 44. Kh1 Rd1+ 45. Kh2 Rd2+ 1/2-1/2

[Event "Vitoria da Conquista-ch 3rd"]
[White "Freitas, Romulo Aguiar"]
[Black "Bianck Silva, Washington Luis"]
[Site "Vitoria da Conquista"]
[Round "?"]
[Result "1-0"]
[Date "2015.02.14"]
[WhiteElo "2054"]
[BlackElo "1710"]
[PlyCount "35"]
[EventDate "2015.02.14"]
[EventType "tourn"]
[EventRounds "11"]
[EventCountry "BRA"]
[SourceTitle "CBM 165 Extra"]
[Source "ChessBase"]
[SourceDate "2015.04.21"]
[SourceVersion "1"]
[SourceVersionDate "2015.04.21"]
[SourceQuality "1"]

1. e4 c6 2. Bc4 d5 3. Bb3 dxe4 4. Qh5 g6 5. Qh4 Nf6 6. Nc3 Bg7 7. f3 exf3 8. Nxf3 Nbd7 9. d4 0-0 10. Bg5 e6 11. 0-0-0 b6 12. Ne4 Bb7 13. Rhf1 c5 14. d5 exd5 15. Nxf6+ Nxf6 16. Ne5 c4 17. Ba4 a6 18. Ng4 1-0